Les demis de mêlée - rugbymen par images. - Statistiques

Statistiques générales
  • Ce quiz a été pris 96 fois
  • Le résultat moyen est 10 sur 20
Statistiques - réponses
Par images Hint Réponse % Correct
Antoine Dupont
100%
Maxime Lucu
89%
Nolann Le Garrec
88%
Aaron Smith
81%
Faf de Klerk
80%
Jamison Gibson-Park
65%
Connor Murray
60%
Cobus Reinach
49%
Santiago Arata
49%
Alex Mitchell
47%
Ben White
39%
Ben Youngs
39%
Stephen Varney
36%
TJ Perenara
36%
Ali Price
29%
Tomos Williams
28%
Tate McDermott
17%
Finlay Christie
16%
Gareth Davies
14%
Craig Casey
10%
Aucun quiz correspondant
Distribution des résultats
% des personnes avec chaque résultat
Percentile par nombre de réponses
Votre historique - résultats
Vous n’avez pas pris ce quiz